000 00720cam a22002413a 4500
001 1213
003 PGUSA
005 20140828082958.0
008 980201s1998||||xxu|||||s|||||000 1 eng d
040 _aPGUSA
_beng
042 _adc
050 4 _aPS
100 1 _aTwain, Mark,
_d1835-1910
245 1 4 _aThe Man That Corrupted Hadleyburg
_h[electronic resource] /
_cMark Twain
260 _bProject Gutenberg,
_c1998
506 _aPublic domain in the USA.
516 _aElectronic text
653 _aUnited States -- Social life and customs -- 19th century -- Fiction
653 _aHumorous stories, American
830 0 _aProject Gutenberg
_v1213
856 4 0 _uhttp://www.gutenberg.org/ebooks/1213
942 _cEB
999 _c230561
_d230561